| 000 | 00704nam a2200229 a 4500 | ||
|---|---|---|---|
| 001 | 000012453 | ||
| 005 | 20240305135410.0 | ||
| 008 | 091112s1993 sp 000 f spa d | ||
| 020 | _a8420646148 | ||
| 040 |
_aDO-SdBNP _bspa _cBNPHU |
||
| 082 |
_aC863.44 _bG216c |
||
| 100 | 1 |
_aGarcía Márquez, Gabriel, _b1928-2014 _91804 |
|
| 245 | 1 | 3 |
_aEl coronel no tiene quien le escriba / _cGabriel García Márquez. |
| 260 |
_aMadrid : _bAlianza, _c1993. |
||
| 300 |
_a95, [1] p. ; _c15 cm. |
||
| 490 | 1 |
_aAlianza cien _v14 |
|
| 650 | 4 |
_aNovela colombiana _91243 |
|
| 650 | 4 |
_aLiteratura colombiana _91244 |
|
| 830 | 0 |
_aAlianza cien _v14 _912832 |
|
| 910 | _aValidado. Control de calidad BNPHU | ||
| 049 | _aBNGR | ||
| 999 |
_c12110 _d12110 |
||